| 000 | 01673cam a22003735a 4500 | ||
|---|---|---|---|
| 999 |
_c20186 _d20158 |
||
| 001 | ocm76273134 | ||
| 003 | EG-ScBUE | ||
| 005 | 20210131122424.0 | ||
| 008 | 061117s2006 nyu f 000 1 eng d | ||
| 020 | _a0143038095 (pbk.) | ||
| 020 | _a9780143038092 (pbk.) | ||
| 040 |
_aJJG _beng _erda _cJJG _dYDXCP _dBTCTA _dBAKER _dIHE _dEUF _dOCLCQ _dEG-ScBUE |
||
| 082 | 0 | 4 |
_a813.54 _bTAN _222 |
| 100 | 1 |
_aTan, Amy, _eauthor. _939108 |
|
| 245 | 1 | 4 |
_aThe joy luck club / _cAmy Tan. |
| 264 | 1 |
_aNew York : _bPenguin Books, _c2006. |
|
| 300 |
_a288 pages ; _c21 cm |
||
| 336 |
_2rdacontent _atext _btxt |
||
| 337 |
_2rdamedia _aunmediated _bn |
||
| 338 |
_2rdacarrier _avolume _bnc |
||
| 500 | _a"New York bestseller". | ||
| 505 | 0 | _aFeathers from a thousand Li away -- The twenty-six malignant gates -- American translation -- Queen mother of the western skies. | |
| 520 | _aIn 1949, four Chinese women--drawn together by the shadow of their past--begin meeting in San Francisco to play mah jong, invest in stocks and "say" stories. They call their gathering the Joy Luck Club--and forge a relationship that binds them for more than three decades. | ||
| 650 | 7 |
_aWomen _xSocieties and clubs _vFiction. _2BUEsh _939109 |
|
| 650 | 7 |
_aReminiscing in old age _vFiction. _2BUEsh _939111 |
|
| 650 | 7 |
_aChinese American women _vFiction. _2BUEsh _939112 |
|
| 650 | 7 |
_aMothers and daughters _vFiction. _2BUEsh _939113 |
|
| 650 | 7 |
_aLoss (Psychology) _vFiction. _2BUEsh _939114 |
|
| 650 | 7 |
_aFemale friendship _vFiction. _2BUEsh _939115 |
|
| 651 | 7 |
_aSan Francisco (Calif.) _vFiction. _2BUEsh _939116 |
|
| 653 |
_cJuly2015 _cJanuary2016 _bHHUUEENN |
||
| 655 |
_vReading book _934232 |
||
| 942 |
_2ddc _cBB |
||